000 002690000a22000970004500
100 1 _aBarrett, C. K. (Charles Kingley) (1917-)
245 1 0 _aThe first New Testament
300 _aVol. 38, Num. 2 (Abril, 1996), Páginas 94-104
773 0 _tNovum Testamentum
942 _cANA
999 _c56905
_d56905